000 01319nam0a22002531 4500
001 rc\4989779
005 20260407124938.0
021 _aRU
_bРг4938
021 _aRU
_b61-24902
035 _a(NLR Aleph) 008971671
090 _a9128753
_c9128753
100 _a20130430d1961 |||y0rusy50 ca
101 0 _arus
102 _aRU
105 _ay z |||||
200 1 _aСанитарно-просветительная работа сельской акушерки по гигиене беременности, послеродового периода и по уходу за новорожденным
_e(Инструктивно-метод. письмо)
_eГлавврачам районов, акушерам-гинекологам и гл. врачам сельск. район. и участковых больниц, акушеркам фельдшерско-акушерских пунктов и колхозных родильных домов
_fОбл. дом сан. просвещения
210 _aТула
_cБ. и.
_d1961
215 _a16 с.
_d20
712 0 2 _aТульский областной дом санитарного просвещения
_3RU\NLR\AUTH\8810074643
_9651235
801 0 _aRU
_bNLR
_gpsbo
801 1 _aRU
_bELAR
_2rusmarc
852 _aNLR
_j61-4/6033
942 _cBOOK
980 _aNB